| 000 | 00600nam a2200181Ia 4500 | ||
|---|---|---|---|
| 999 |
_c23368 _d23368 |
||
| 003 | OSt | ||
| 005 | 20200319094934.0 | ||
| 008 | 190216s9999||||xx |||||||||||||| ||und|| | ||
| 020 | _a9788182713000 | ||
| 040 | _coclc | ||
| 082 |
_a320.0917671 _bASA/R |
||
| 100 |
_a Asad, Muhammad _91736 |
||
| 245 | 0 |
_aRastravum Bharanakoodavum Islamil = The Principles Of State And Government In Islam / _cMuhammad Asad |
|
| 260 |
_bIslamic Publishing House, _c2007. _aKozhikode: |
||
| 300 | _a125p | ||
| 650 | _xIslamic History | ||
| 942 |
_cBK _2ddc _h320.0917671 _iASA/R _k320.0917671 _mASA/R |
||